|
|
|
|
| LEADER |
01090nam a22002651 4500 |
| 001 |
c000202933 |
| 003 |
CARM |
| 005 |
20021125002000.0 |
| 008 |
851113s1946 ii 0 eng d |
| 019 |
1 |
|
|a 4129434
|5 LACONCORD2021
|
| 035 |
|
|
|a (OCoLC)218952169
|5 LACONCORD2021
|
| 043 |
|
|
|a a-ii---
|
| 100 |
1 |
|
|a Deshpande, S. R.
|q (Shantaram Ramkrishna),
|d 1899-
|
| 245 |
1 |
0 |
|a Report on an enquiry into family budgets of industrial workers in Monghyr and Jamalpur /
|c by S.R. Deshpande.
|
| 260 |
|
|
|a (Delhi) :
|b (Manager of Publications),
|c 1946.
|
| 300 |
|
|
|a viii, 52 p. : ill.
|
| 500 |
|
|
|a At head of title: Government of India.
|
| 650 |
|
0 |
|a Industrial workers
|z Jamalpur (India).
|
| 650 |
|
0 |
|a Home economics
|z Monghyr (India).
|
| 650 |
|
0 |
|a Industrial workers
|z Monghyr (India).
|
| 650 |
|
0 |
|a Home economics
|z Jamalpur (India).
|
| 852 |
8 |
|
|b CARM
|h A2:AO30A0
|i B06483
|p 0299895
|f BK
|
| 082 |
0 |
4 |
|a 640.420954
|
| 999 |
f |
f |
|i 635947f8-98b2-5b32-80c3-b0bb8e6bd743
|s f1d2113f-0557-5e73-b788-4aeb437939a6
|
| 952 |
f |
f |
|p Can circulate
|a CAVAL
|b CAVAL
|c CAVAL
|d CARM 1 Store
|e B06483
|f A2:AO30A0
|h Other scheme
|i book
|m 0299895
|